Statistieken voor Meest voorkomende voornamen in België

Klik hier om de quiz te nemen!

Algemene statistieken

  • Deze quiz is 215 keer genomen
  • De gemiddelde score is 5 van 20

Antwoordstatistieken

AantalMannen% Correct
41.172Jan
73%
95.436Marie
56%
49.022Luc
47%
121.316Maria
42%
68.298Jean
39%
38.087Anne
35%
64.150Marc
33%
31.399Anna
32%
34.713Thomas
20%
47.681Michel
16%
51.291Patrick
16%
42.153Phillippe
15%
35.593David
14%
35.366André
9%
33.235Nicole
9%
31.889Christine
8%
40.332Monique
8%
40.184Nathalie
8%
40.817Martine
7%
34.687Rita
7%

Scoreverdeling

Percentiel versus Aantal Correcte Antwoorden

Procent van Mensen met Elke Score

Uw Scoregeschiedenis

U heeft deze quiz nog niet genomen